000 00596nam a2200241Ia 4500
003 OSt
005 20221005123728.0
006 a|||||r|||| 00| 0
007 ta
008 221004b |||||||| |||| 00| 0 mar d
024 _a40298
037 _cTextual
040 _aCRL
_cCRL
_bmar
041 _2mar
_amar
082 _aO155,2N133,1, K1
100 _aPandse S.N.
_9634137
245 0 _aMahapur
260 _c1961
300 _a91p.
_ccm.
650 _aMARATHI LITERATURE
_938000
942 _hO155,2N133,1, K1
_cTEXL
_2cc
999 _c1048300
_d1048300